000 01204nam a2200349 c 4500
999 _c74367
_d74367
003 BLK
005 20240424104317.0
008 180408b bul|||||r ||||||| ||bul||
010 _aKNG00078766000
020 _a954-337-024-9
040 _aBLK
041 _aBUL
_cBUL
072 7 _2bullib
_aРА
_xРусенски автори
080 _aБългарска литература
_b821.163.2
_x-1
_z821.163.2-1
100 _aКоларова, Анита Димитрова
_d1940-2023
_gАвторка на поезия. Учител и библиотекар
_9258004
139 _aКоларова, Анита Димитрова
_bК 77
245 1 0 _aПодводна археология
_bСтихове
_cАнита Димитрова Коларова.
257 _aBGR
260 _bАвангард принт
_c2007
300 _a144 с.
_c20 см
380 _aX
500 _aОфс. изд.
653 _aстихотворения
852 _aЦб 236517
852 _aК 821.163.2/К 77
856 4 _qpdf
856 4 _qpdf
942 _cKNG
_n0
_s1
_01
944 _aCR
_c31.10.2007
_k30576
_lЦветомила Тодорова
944 _aED
_c04.06.2008
999 _d74367